000
00184nam a22000857a 4500
999
_c
16218
_d
16218
003
OSt
008
200624b ||||| |||| 00| 0 eng d
245
_a
Physics Practical BA BSC
942
_c
BK